00443 2200157 4500001002100000005001500021035002000036007000300056008004100059020002200100082001000122245006500132260003100197300004700228650001000275INLIS00000000000052020221114083005 a0010-1122000114ta221114 b 0 ind  a978-979-22-9241-1 aR 500 aEverything You Need To Know About Science /cGOLDSMITH, Mike aJakarta :bGramedia,c2009 a160 halaman :bilustrasi berwarna ;c23 cm 4asains